| 000 | 00488nam a2200205Ia 4500 | ||
|---|---|---|---|
| 008 | 170918s9999 xx 000 0 und d | ||
| 020 | _a9780439746977 | ||
| 050 | _bB647 2006 | ||
| 100 | _aBlevins, Wiley | ||
| 245 | _aDon't call me chicken / | ||
| 245 | _cWiley Blevins. | ||
| 260 | _aNew York : | ||
| 260 | _bScholastic, | ||
| 260 | _c2006 | ||
| 300 | _a8 pages : | ||
| 300 | _bcolored illustration ; | ||
| 300 | _c23cm. | ||
| 440 | _aScholastic FX books. | ||
| 500 | _a420 | ||
| 999 |
_c342559 _d342559 |
||